Управление транзисторными преобразователями электроэнергии

التفاصيل البيبلوغرافية
المؤلف الرئيسي: Мелешин В. И. Валерий Иванович
مؤلفون آخرون: Овчинников Д. А. Денис Александрович
الملخص:В книге изложены принципы управления транзисторными преобразователями электрической энергии при их работе в различных импульсных режимах. Приведены схемотехнические решения и показаны особенности работы преобразователей, широко применяемых в различных системах электропитания. Показаны последние достижения в данной области техники, позволяющие управлять преобразователями с помощью как аналоговых, так и цифровых средств. Большое внимание уделено построению систем управления, использующих различные типы контроллеров и микроконтроллеров. Показано применение DSP-процессоров для различного рода преобразователей и приложений. Рассмотрено построение некоторых систем электропитания высокой надежности. Книга будет полезна студентам, изучающим силовую электронику и принципы управления преобразователями, а также аспирантам и специалистам, изучающим и разрабатывающим устройства и системы преобразовательной техники.
اللغة:الروسية
منشور في: Москва, Техносфера, 2011
سلاسل:Мир радиоэлектроники
الموضوعات:
التنسيق: MixedMaterials كتاب
KOHA link:https://koha.lib.tpu.ru/cgi-bin/koha/opac-detail.pl?biblionumber=151059

MARC

LEADER 00000nam0a2200000 4500
001 151059
005 20231101221532.0
010 |a 9785948362601 
035 |a (RuTPU)RU\TPU\book\163792 
090 |a 151059 
100 |a 20090119d2011 km y0rusy50 ca 
101 0 |a rus 
102 |a RU 
105 |a a z 001zy 
200 1 |a Управление транзисторными преобразователями электроэнергии  |f В. И. Мелешин, Д. А. Овчинников 
210 |a Москва  |c Техносфера  |d 2011 
215 |a 576 с.  |c ил. 
225 1 |a Мир радиоэлектроники 
320 |a Библиогр.: с. 570-575. 
320 |a Список основных обозначений: с. 13. 
330 |a В книге изложены принципы управления транзисторными преобразователями электрической энергии при их работе в различных импульсных режимах. Приведены схемотехнические решения и показаны особенности работы преобразователей, широко применяемых в различных системах электропитания. Показаны последние достижения в данной области техники, позволяющие управлять преобразователями с помощью как аналоговых, так и цифровых средств. Большое внимание уделено построению систем управления, использующих различные типы контроллеров и микроконтроллеров. Показано применение DSP-процессоров для различного рода преобразователей и приложений. Рассмотрено построение некоторых систем электропитания высокой надежности. Книга будет полезна студентам, изучающим силовую электронику и принципы управления преобразователями, а также аспирантам и специалистам, изучающим и разрабатывающим устройства и системы преобразовательной техники. 
606 1 |a Преобразователи полупроводниковые  |x Управление  |2 stltpush  |3 (RuTPU)RU\TPU\subj\51283  |9 69878 
610 1 |a транзисторные преобразователи 
610 1 |a работа 
610 1 |a особенности 
610 1 |a схемотехнические решения 
610 1 |a корректоры 
610 1 |a непрерывные линейные системы 
610 1 |a непрерывные линейные САУ 
610 1 |a дискретные системы 
610 1 |a силовая часть 
610 1 |a пакеты программ 
610 1 |a MatLab 
610 1 |a Control System Toolbox 
610 1 |a Signal Processing Toolbox 
610 1 |a системы управления 
610 1 |a технические средства 
610 1 |a микропроцессоры 
610 1 |a программируемая логика 
610 1 |a цифровое управление 
610 1 |a ПИД-регуляторы 
610 1 |a фильтры 
610 1 |a аналоговые системы управления 
610 1 |a инверторы 
610 1 |a DC-DC преобразователи 
675 |a 621.314.632.07  |v 3 
700 1 |a Мелешин  |b В. И.  |g Валерий Иванович 
701 1 |a Овчинников  |b Д. А.  |g Денис Александрович 
801 1 |a RU  |b 63413507  |c 20090119  |g PSBO 
801 2 |a RU  |b 63413507  |c 20150609  |g RCR 
942 |c BK 
959 |a 8/20090116  |d 2  |e 0  |f АНЛ:1  |f ЧЗТЛ:1 
959 |a 110/20091026  |d 2  |e 0  |f АНЛ:1  |f ЧЗТЛ:1 
959 |a 75/20101101  |d 2  |e 0  |f АНЛ:1  |f ЧЗТЛ:1